تحميل...

Programming With Fortran

التفاصيل البيبلوغرافية
المؤلف الرئيسي: Lipschutz, Seymour and Poe, Arthur
التنسيق: Printed Book
اللغة:English
منشور في: New York: McGraw -Hill Book Company, 1978.
الطبعة:1978.
الموضوعات:
LEADER 00636nam a22001814a 4500
008 140519n ii |||gr||||Z||||||eng
020 |a 0-07-037984-X 
082 |a M22 L 
100 |a Lipschutz, Seymour and Poe, Arthur. 
245 1 |a Programming With Fortran 
250 |a 1978. 
260 |a New York:  |b McGraw -Hill Book Company,  |c 1978. 
300 |a 314p. 
630 |a Statistics, Numerical imput/Output, DO Loops. 
852 |t 1  |p STA07334  |a S- 19 R- 4  |b General   |k M22 L  |f 00000 
942 |c BK 
999 |c 218542  |d 218542 
952 |0 0  |1 0  |4 0  |6 M_22_000000000000000_L  |7 0  |9 232684  |a STA  |b STA  |d 2019-12-11  |l 0  |o M22 L  |p STA07334  |r 2019-12-11  |t 1  |w 2019-12-11  |y BK